| 000 | 00693nam a2200217Ia 4500 | ||
|---|---|---|---|
| 005 | 20260429112156.0 | ||
| 008 | 260429s9999||||xx |||||||||||||| ||und|| | ||
| 020 | _a9789811296291 | ||
| 041 | _aEnglish | ||
| 082 |
_a362.1962 _bFIE |
||
| 100 | _aFierlbeck, Katherine A. | ||
| 245 | 0 |
_aPublic policy challenges in rethinking public health : _bcomparative perspectives / _cKatherine A. Fierlbeck |
|
| 250 | _a1st ed. | ||
| 260 |
_aNew Jersey : _bWorld Scientific, _c2025. |
||
| 300 | _axiv, 290 p.; hb | ||
| 440 | _aWorld scientific series in global health economics and public policy | ||
| 650 | _a Public health | ||
| 650 | _aPublic policy | ||
| 700 | _aBerman, Peter | ||
| 942 | _cTB | ||
| 999 |
_c52739 _d52739 |
||